000 00709nam a2200229 a 4500
001 18978
003 CO-ViMGA
008 141112s2004 ck r 000 u spa d
020 _a8432967025
040 _aCO-ViMGA
_bspa
_cCO-ViMGA
082 0 4 _a621.31913 R154c
100 1 _aRamirez Vasquez, Jose
_952266
245 1 0 _a101 Esquemas de bobinados de corriente alterna
260 _aBarcelona :
_bCeac; 1994
300 _a214 p.
490 _aEsquemas Ceac de Electricidad
590 _aForma de adquisición : Proyecto 2005 - - Precio : 105.300
650 1 4 _aBOBINADOS CONCENTRICOS
_927150
650 1 4 _aBOBINADOS IMBRICADOS
_927151
650 1 4 _aELECTRICIDAD - CORRIENTE ALTERNA
_927152
942 _2ddc
_cBK
999 _c28168
_d28168